000
00304nam a22001457a 4500
008
231004b ||||| |||| 00| 0 eng d
020
_a
9780452284579
041
_a
eng
080
_a
53
082
_a
53ACZ
100
_a
23
101
_a
MATEM
245
_a
ENTANGLEMENT
_c
ACZEL.D.A
942
_2
udc
_c
BK
999
_c
60414
_d
60414